000 00346nam a2200133Ia 4500
008 220204s9999 xx 000 0 und d
082 _a02:37.018.43
_bISA
100 _aDEVARAJAN, G
245 0 _aLibraries in distance education
260 _aNew Delhi
_bEss Ess Pub
_c1989
650 _aDistance education
700 _aISAAC, K A
942 _cBK
999 _c40085
_d40085